000 00450nam a2200181Ia 4500
008 151202s9999||||xx |||||||||||||| ||und||
082 _bPNVM-17632
100 _aN.G.S.
245 _aTHE NATIONAL GEOGRAPHIC JAN 1958.
260 _bN.G.S. WASHINGTON.
260 _c0
300 _a0
600 _aN.G.S.
630 _aTHE NATIONAL GEOGRAPHIC JAN 1958.
700 _aN.G.S.
730 _aTHE NATIONAL GEOGRAPHIC JAN 1958.
942 _cBOOK
999 _c1283617
_d1283614